01676nam a2200433 i 450000100060000000300080000600500170001400600190003100700150005000800410006502000280010602000180013403500220015204000310017404100130020505000210021808000100023908200170024910000240026624000590029024501880034925000190053726400740055630000900063033600310072033700330075133800430078450400530082758800830088065000300096365000300099365000260102365000250104965500270107470000220110170000240112370000320114785600630117923093FINmELB20241216214046.0m o u cr cn|||||||||201006s2013 sp a ob 001 0 spa d a9788415840664q(e-book) z9788415684084 a(OCoLC)1200507756 aFINmELBbspaerdacFINmELB1 aspaheng14aQR46b.E545 2013 a616.904a616.90412231 aEngleberg, N. Cary.10aSchaechter mechanisms of microbial disease.lEspañol10aMecanismos de las enfermedades microbianas /cSchaechter ; N. Cary Engleberg, Victor J. DiRita, Terence S. Dermody ; [traducción, P&M, Healthcare Publishing Services, S.A. de C.V.]. a5a. edición. 1aL'Hospitalet de Llobregat, Barcelona :bWolters Kluwer Health,c2013. a1 recurso en línea (XVII, 825 páginas) :bilustraciones color y negro, gráficos atextobtxt2rdacontent/spa acomputadorabc2rdamedia/spa arecurso en líneabcr2rdacarrier/spa aIncluye referencias bibliográficas e índice. aDescripción basada en metadatos suministrados por el editor y otras fuentes. 4aMicrobiología médica. 4aEnfermedades infecciosas. 0aMedical microbiology. 0aInfectious diseases. 4aLibros electrónicos.1 aDiRita, Victor J.1 aDermody, Terence S.1 aSchaechter, Moselio,d1928-40uhttps://elibro.net/ereader/politecnicointernacional/125913